Quiz Star Wars #9 - Statistiques

Statistiques générales
  • Ce quiz a été pris 132 fois
  • Le résultat moyen est 9 sur 10
Statistiques - réponses
Question Réponse % Correct
Quel fait son grand retour dans "L'Ascension de Skywalker" ? Palpatine
98%
Quel est le nom que Rey prend à la fin du film ? Rey Skywalker
96%
Qui se sacrifie pour sauver Rey en lui transmettant son énergie vitale ? Kylo Ren
93%
Qui aide Rey à détruire l'Empereur Palpatine dans le combat final ? Les Jedi du passé
93%
Quel est le lien de parenté entre Rey et l'Empereur Palpatine ? Elle est sa petite fille
91%
Quelle est la planète où Palpatine est cachée ? Exegol
91%
Quel personnage meurt en utilisant la Force pour atteindre Kylo Ren ? Leia Organa
91%
Quelle est la planète que Rey visite à la fin du film ? Tatooine
85%
Quel sabre Rey utilise-t-elle contre Palpatine ? Les deux sabres de Luke et Leia
78%
Quel personnage devient un leader de la Résistance dans ce film ? Poe Dameron
70%
Aucun quiz correspondant
Distribution des résultats
% des personnes avec chaque résultat
Percentile par nombre de réponses
Votre historique - résultats
Vous n’avez pas pris ce quiz